000 00633nam a2200229 i 4500
001 C2-0241411
003 PPAK
005 20180727203832.0
008 020806s1954 enka|||| ||||| | eng d
040 _aPPAK
_beng
_cPPAK
_erda
082 0 4 _a823.3
_223
090 0 0 _a823.3
_bREA
_dKSI
245 0 0 _aReader's digest condensed books
264 1 _aLondon :
_bThe Reader's Digest Association ,
_c1954
300 _a502 pages :
_bcolour illustrations ;
_c18 cm
336 _2rdacontent
_atext
337 _2rdamedia
_aunmediated
338 _2rdacarrier
_avolume
500 _aVol. II
650 1 0 _aEnglish fiction.
942 _ddc
_cB
999 _c56487
_d56487